00651nam a2200205 a 4500001001000000005001700010008004100027041000800068044000700076050002100083100002000104245006100124260003100185300004700216440004700263500006200310500000800372600003500380650003000415BRCA_264320190320203914.0011208s1930----fr-a---###---#000-0#fre-# afre afr 4aNE670b.G63 19301 aGodefroy, Louis10aL´Oeuvre Gravé de Adriaen van OstadecLouis Godefroy. aParísbL. Godefroyc1930 a1 v. (en varias paginaciones)bil.c33 cm. 0aMonographres de peintres graveurs ilustres aIncluye índice analítico, alfabético y cronología aA9414aOstade, Adriaen vand1610-168514aAguafuertistas holandeses